[Event "South America-ch 1st"]
[Site "Lima"]
[Date "2023.09.22"]
[Round "9.11"]
[White "Calcina, Gary"]
[Black "Bravo Mallco, Kate Azumi"]
[Result "1-0"]
[WhiteElo "2227"]
[BlackElo "1946"]
[PlyCount "195"]
[EventDate "2023.09.14"]
[EventType "swiss"]
[EventRounds "9"]
[EventCountry "PER"]
[SourceTitle "EXT 2024"]
[Source "ChessBase"]
[SourceDate "2023.10.10"]
[SourceVersion "1"]
[SourceVersionDate "2023.10.10"]
[SourceQuality "1"]

1. e4 c5 2. Nf3 Nf6 3. Nc3 d5 4. exd5 Nxd5 5. Bc4 e6 6. 0-0 Be7 7. d4 Nxc3 8. bxc3 0-0 9. Be3 Nd7 10. Qd3 Qc7 11. Bg5 Bxg5 12. Nxg5 Nf6 13. Rae1 h6 14. Ne4 Nxe4 15. Qxe4 cxd4 16. Bd3 f5 17. Qxd4 Rd8 18. Qh4 Bd7 19. Re3 Rac8 20. Rfe1 Re8 21. Qd4 Red8 22. g3 Bb5 23. Qxa7 Bxd3 24. cxd3 e5 25. Qa3 Kh7 26. Qb4 Qc6 27. d4 e4 28. Qb1 Kh8 29. Qd1 Qg6 30. Qe2 Rf8 31. Kh1 Rc7 32. f3 exf3 33. Qxf3 Qf7 34. Re6 b5 35. a3 Ra7 36. R6e5 Rxa3 37. Rxb5 Ra2 38. Rf1 Qc4 39. Rc5 Qb3 40. Rf2 Rxf2 41. Qxf2 f4 42. gxf4 Qd1+ 43. Kg2 Qg4+ 44. Qg3 Qe2+ 45. Kh3 Qe6+ 46. f5 Rxf5 47. Rxf5 Qxf5+ 48. Kg2 Qc2+ 49. Kh3 Qf5+ 50. Kg2 Qe4+ 51. Kh3 Qf5+ 52. Qg4 Qd3+ 53. Kg2 Qxc3 54. Qe4 Qd2+ 55. Kh3 Qc3+ 56. Kg4 Qc8+ 57. Kf4 Qc1+ 58. Kf5 Qg5+ 59. Ke6 Qf6+ 60. Kd7 Qf7+ 61. Kc6 Qf6+ 62. Kb5 Kg8 63. Qe8+ Kh7 64. Qe5 Qf1+ 65. Kb6 Qb1+ 66. Kc7 Qc2+ 67. Kd8 Qb2 68. Qe4+ Kg8 69. Qd5+ Kh8 70. Qd6 h5 71. d5 Kh7 72. Kc7 Qc2+ 73. Kd7 Qa4+ 74. Ke7 Qe4+ 75. Kd8 Qh4+ 76. Ke8 Qa4+ 77. Qc6 Qe4+ 78. Qe6 Qa4+ 79. Ke7 Qh4+ 80. Kf7 Qf4+ 81. Ke8 Qa4+ 82. Qc6 Qe4+ 83. Kd7 Qg4+ 84. Kc7 Qf4+ 85. Qd6 Qc4+ 86. Qc6 Qf4+ 87. d6 Qxh2 88. Qe4+ Kh6 89. Kc6 Qa2 90. Qf4+ Kg6 91. Qe4+ Kh6 92. Qe3+ g5 93. d7 Qa4+ 94. Kc7 Qc4+ 95. Kd6 Qb4+ 96. Ke6 Qg4+ 97. Ke7 Qb4+ 98. Kf7 1-0

[Event "Pan American-ch U18 19th"]
[Site "Villa Carlos Paz"]
[Date "2008.07.01"]
[Round "3"]
[White "Colantonio, Mauro"]
[Black "Calcina, Gary"]
[Result "0-1"]
[WhiteElo "1969"]
[BlackElo "2182"]
[PlyCount "58"]
[EventDate "2008.06.30"]
[EventType "swiss"]
[EventRounds "9"]
[EventCountry "ARG"]
[SourceTitle "CBM 125 Extra"]
[Source "ChessBase"]
[SourceDate "2008.09.01"]
[SourceVersion "1"]
[SourceVersionDate "2008.09.01"]
[SourceQuality "1"]

1. d4 Nf6 2. c4 c5 3. d5 e5 4. Nc3 d6 5. e4 Be7 6. Bd3 0-0 7. Nge2 Nbd7 8. a3 Ne8 9. f4 exf4 10. Nxf4 Ne5 11. 0-0 g6 12. Kh1 Bf6 13. Qc2 Bg7 14. b3 a6 15. Bb2 Bd7 16. a4 b6 17. Be2 Nc7 18. Nd3 Qh4 19. g3 Qg5 20. Bc1 Qe7 21. Bf4 Rfe8 22. Nxe5 Bxe5 23. Bxe5 Qxe5 24. Bf3 b5 25. Rab1 Rab8 26. Ne2 f5 27. Rfe1 bxc4 28. Qxc4 fxe4 29. Nc3 Rb4 0-1

[Event "Pan American-ch U18"]
[Site "Medellin"]
[Date "2007.07.07"]
[Round "9"]
[White "Calcina, Gary"]
[Black "Iturrizaga Bonelli, Eduardo"]
[Result "1/2-1/2"]
[WhiteElo "2126"]
[BlackElo "2411"]
[PlyCount "94"]
[EventDate "2007.07.02"]
[EventType "swiss"]
[EventRounds "9"]
[EventCountry "COL"]
[SourceTitle "EXT 2022"]
[Source "ChessBase"]
[SourceDate "2021.10.06"]
[SourceVersion "1"]
[SourceVersionDate "2021.10.06"]
[SourceQuality "1"]

1. e4 c6 2. d4 Na6 3. f4 d5 4. e5 Nc7 5. c3 h5 6. Bd3 g6 7. Qc2 Nh6 8. Nd2 Bf5 9. Ngf3 e6 10. Nf1 Bxd3 11. Qxd3 Nf5 12. Ne3 a5 13. g3 a4 14. a3 Qb8 15. Kf2 Qa7 16. h3 Qa6 17. Qc2 Qb5 18. Bd2 Ra6 19. Rad1 c5 20. g4 cxd4 21. Nxf5 d3 22. Qb1 exf5 23. gxf5 gxf5 24. Be3 Bc5 25. Qxd3 Bxe3+ 26. Kxe3 Qxd3+ 27. Rxd3 Rb6 28. Rd2 Rg8 29. Nd4 f6 30. Nxf5 fxe5 31. fxe5 Re6 32. Kd4 Kd7 33. Rf1 Kc6 34. Re2 Ree8 35. Kd3 Kc5 36. Nd4 Rg3+ 37. Rf3 Rxf3+ 38. Nxf3 Ne6 39. Ke3 Ng5 40. h4 Ne4 41. Rg2 Kc4 42. Rg7 b6 43. Rb7 b5 44. Kf4 Rf8+ 45. Ke3 Re8 46. Kf4 Rf8+ 47. Ke3 Re8 1/2-1/2